Top 30 : KeBlack - Statistiques

Statistiques générales
  • Ce quiz a été pris 45 fois
  • Le résultat moyen est 7 sur 30
Statistiques - réponses
Top Titres Featuring % Correct
7 Melrose Place Guy2Bezbar
73%
5 Bazardée
70%
4 Boucan Franglish
70%
6 Mood
70%
1 Laisse moi
42%
2 Aucune attache
39%
13 TOUCHÉ GIMS
39%
3 Complètement sonné
36%
10 J'ai déconné
33%
12 Mignon garçon 4Keus, Naza, Dry
30%
20 C'est Quoi Ton Délire L2B, D2, Genezio
27%
14 Boulot SDM
21%
15 Kitoko Eva, Naza
21%
25 Premier étage
21%
8 1,2,3 Soleil Naza, NAZAKEBLACK
18%
26 Bababa
15%
24 Tout va bien
15%
17 Elle fait que m'téma
12%
21 Je fais ma vie Ninho
12%
22 Parle en sah Michaël Brun
12%
11 Com'dab DJ Kayz, Naza
9%
29 Pas permis Dadju
9%
9 Tchop
9%
27 Ma Play Naza, Naps
6%
19 Menteuse
6%
16 Trouvez-la moi Dadju, Fally Ipupa
6%
28 Beau parleur
3%
23 Billets mauves
3%
18 Ne m'en veux pas
3%
30 Sans nouvelles
3%
Aucun quiz correspondant
Distribution des résultats
% des personnes avec chaque résultat
Percentile par nombre de réponses
Votre historique - résultats
Vous n’avez pas pris ce quiz